000 00863cab a2200241 4500
001 WB2844-22
008 090401t1992 xxu||||| |||| 00| 0 eng d
035 _a(Sirsi) u59569
041 _aeng
245 _aWays to stimulate housing market
260 _c1992
350 _a0
490 _aGuardian
_v9 November 1992, 13(1)
520 _aA research worker at the Catholic Housing Aid Society suggests that the housing market and the economy would be better served by phasing out mortgage tax relief and extending Do-It-Yourself Shared Ownership scheme funded by the Housing Corporation.
650 _aDIYSO
650 _aDIY SHARED OWNERSHIP
650 _aHOUSING MARKET
650 _aMORTGAGE INTEREST TAX RELIEF
650 _aRECESSION
690 _aPROPERTY-RESIDENTIAL PROPERTY-RESIDENTIAL PROPERTY MARKET
942 _n0
948 _c04/03/1997
999 _c36560
_d36560